| 000 | 00702nam a22001577a 4500 | ||
|---|---|---|---|
| 003 | OSt | ||
| 005 | 20151008150504.0 | ||
| 008 | 151008b xxu||||| |||| 00| 0 eng d | ||
| 040 | _cRUA | ||
| 082 | _aAVM SAM 2007 B080 Or.1 | ||
| 100 |
_92369 _aSABATH, SOKHON. |
||
| 245 | _aSurvey on small scale cattle raising in ampovprey commune srok kandal stung kandal province, ការអង្កេតទៅលើការចិញ្ចឹមគោរបស់ប្រជាកសិករ នៅឃុំអមពៅព្រៃ ស្រុកកណ្តាលស្ទឹង ខេត្តកណ្តាល | ||
| 260 |
_aPhnom Penh _bRUA _c2007 |
||
| 300 |
_aix; 57p. _bill. _c29cm. |
||
| 942 |
_2ddc _cAVM |
||
| 999 |
_c2232 _d2232 |
||